LEADER 03596nam 2200697 a 450 001 9910460098903321 005 20200520144314.0 010 $a1-283-27740-9 010 $a9786613277404 010 $a0-520-94800-9 024 7 $a10.1525/9780520948006 035 $a(CKB)2670000000067707 035 $a(EBL)646811 035 $a(OCoLC)701704298 035 $a(SSID)ssj0000470279 035 $a(PQKBManifestationID)11282273 035 $a(PQKBTitleCode)TC0000470279 035 $a(PQKBWorkID)10411802 035 $a(PQKB)11059822 035 $a(StDuBDS)EDZ0000055999 035 $a(MiAaPQ)EBC646811 035 $a(DE-B1597)519253 035 $a(OCoLC)707924776 035 $a(DE-B1597)9780520948006 035 $a(Au-PeEL)EBL646811 035 $a(CaPaEBR)ebr10443366 035 $a(CaONFJC)MIL327740 035 $a(EXLCZ)992670000000067707 100 $a20091123d2010 uy 0 101 0 $aeng 135 $aur|n|---||||| 181 $ctxt 182 $cc 183 $acr 200 10$aIndia and Pakistan$b[electronic resource] $econtinued conflict or cooperation? /$fStanley Wolpert 210 $aBerkeley $cUniversity of California Press$d2010 215 $a1 online resource (145 p.) 300 $aDescription based upon print version of record. 311 $a0-520-26677-3 320 $aIncludes bibliographical references and index. 327 $aHistoric roots of the problem -- The first Indo-Pakistani war over Kashmir -- The second Indo-Pakistani war over Kashmir -- The third Indo-Pakistani war and the birth of Bangladesh -- The Indo-Pakistani Simla summit and Zia's coup -- Afghanistan's impact on Indo-Pakistani relations -- Pakistan's proxy war and Kashmir's Azaadi revolution -- Recent attempts to resolve escalating Indo-Pakistani conflicts -- The stalled Indo-Pakistani peace process -- Potential solutions to the Kashmir conflict. 330 $aBeginning in 1947, when "India and Pakistan were born to conflict," renowned India scholar Stanley Wolpert provides an authoritative, accessible primer on what is potentially the world's most dangerous crisis. He concisely distills sixty-three years of complex history, tracing the roots of the relationship between these two antagonists, explaining the many attempts to resolve their disputes, and assessing the dominant political leaders. While the tragic Partition left many urgent problems, none has been more difficult than the problem over Kashmir, claimed by both India and Pakistan. This intensely divisive issue has triggered two conventional wars, killed some 100,000 Kashmiris, and almost ignited two nuclear wars since 1998, when both India and Pakistan openly emerged as nuclear-weapon states. In addition to providing a comprehensive perspective on the origin and nature of this urgent conflict, Wolpert examines all the proposed solutions and concludes with a road map for a brighter future for South Asia. 606 $aHistory 606 $aHISTORY / Asia / General$2bisacsh 607 $aIndia$xForeign relations$zPakistan 607 $aPakistan$xForeign relations$zIndia 607 $aIndia$xMilitary relations$zPakistan 607 $aPakistan$xMilitary relations$zIndia 608 $aElectronic books. 615 0$aHistory. 615 7$aHISTORY / Asia / General. 676 $a954.04 686 $aML 9100$2rvk 700 $aWolpert$b Stanley A.$f1927-$0174198 801 0$bMiAaPQ 801 1$bMiAaPQ 801 2$bMiAaPQ 906 $aBOOK 912 $a9910460098903321 996 $aIndia and Pakistan$92487544 997 $aUNINA LEADER 02535nam 2200433 450 001 9910810597103321 005 20221128110401.0 010 $a1-4422-8044-1 035 $a(CKB)3840000000337479 035 $a(MiAaPQ)EBC5264281 035 $a(EXLCZ)993840000000337479 100 $a20180307h20172017 uy 0 101 0 $aeng 135 $aurcnu|||||||| 181 $2rdacontent 182 $2rdamedia 183 $2rdacarrier 200 10$aDistributed defense $enew operational concepts for integrated air and missile defense /$fThomas Karako, Wes Rumbaugh 210 1$aLanham, Maryland :$cCSIS :$cLexington Books,$d2017. 210 4$dİ2017 215 $a1 online resource (54 pages) $cillustrations (some color), photographs, tables 300 $a"A Report of the CSIS Missile Defense Project." 311 $a1-4422-8043-3 327 $aDistributed Defense -- Contents -- List of Figures -- List of Tables -- List of Acronyms -- Acknowledgments -- CHAPTER 1. 330 $aDespite the rising salience of missile threats, current air and missile defense forces are far too susceptible to suppression. Today's U.S. air and missile defense (AMD) force lacks the depth, capacity, and operational flexibility to simultaneously perform both missions. Discussions about improving AMD usually revolve around improvements to the capability and capacity of interceptors or sensors. Rather than simply doing more of the same, the joint integrated air and missile defense (IAMD) efforts might be well served by new or reinvigorated operational concepts, here discussed collectively as "Distributed Defense." By leveraging networked integration, Distributed Defense envisions a more flexible and more dispersible air and missile defense force capable of imposing costs and dilemmas on an adversary, complicating the suppression of U.S. air and missile defenses. Although capability and capacity improvements remain essential to the high-end threats, the Distributed Defense concept focuses on creating a new architecture for today's fielded or soon-to-be fielded IAMD force to boost flexibility and resilience 606 $aAir defenses 606 $aBallistic missile defenses 615 0$aAir defenses. 615 0$aBallistic missile defenses. 676 $a358.4145 700 $aKarako$b Thomas$01632026 702 $aRumbaugh$b Wes 801 0$bMiAaPQ 801 1$bMiAaPQ 801 2$bMiAaPQ 906 $aBOOK 912 $a9910810597103321 996 $aDistributed defense$93980423 997 $aUNINA LEADER 01493nas 2200433-a 450 001 996214469403316 005 20240413030819.0 035 $a(CKB)991042741271808 035 $a(CONSER)sc-81003105- 035 $a(EXLCZ)99991042741271808 100 $a19810507b1uuu2008 --- a 101 0 $aeng 181 $ctxt$2rdacontent 182 $cc$2rdamedia 183 $acr$2rdacarrier 200 00$aAAVSO eclipsing binary ephemeris 210 $a[Cambridge, Mass.] $cAAVSO 215 $a1 online resource 311 $aPrint version: AAVSO eclipsing binary ephemeris. (DLC)sc 81003105 (OCoLC)7400342 0730-1871 517 3 $aAmerican Association of Variable Star Observers eclipsing binary ephemeris 517 3 $aA.A.V.S.O. eclipsing binary ephemeris 517 1 $aAAVSO eclipsing binary ephemeris for ... 517 3 $aEclipsing binary ephemeris 606 $aEclipsing binaries$vPeriodicals 606 $aDouble stars$vEphemerides$vPeriodicals 606 $aDouble stars$2fast$3(OCoLC)fst00897105 606 $aEclipsing binaries$2fast$3(OCoLC)fst00901420 608 $aEphemerides.$2fast 608 $aPeriodicals.$2fast 615 0$aEclipsing binaries 615 0$aDouble stars 615 7$aDouble stars. 615 7$aEclipsing binaries. 712 02$aAmerican Association of Variable Star Observers. 906 $aJOURNAL 912 $a996214469403316 920 $aexl_impl conversion 996 $aAAVSO eclipsing binary ephemeris$91973332 997 $aUNISA